Mechanics of Structures Vol. I (Record no. 16276)
[ view plain ]
| 000 -LEADER | |
|---|---|
| fixed length control field | 00247nam a22000977a 4500 |
| 003 - CONTROL NUMBER IDENTIFIER | |
| control field | OSt |
| 008 - FIXED-LENGTH DATA ELEMENTS--GENERAL INFORMATION | |
| fixed length control field | 200629b ||||| |||| 00| 0 eng d |
| 100 ## - MAIN ENTRY--AUTHOR NAME | |
| Personal name | Dr. H. J. Shah And S. B. Junnarkar |
| 245 ## - TITLE STATEMENT | |
| Title | Mechanics of Structures Vol. I |
| 942 ## - ADDED ENTRY ELEMENTS (KOHA) | |
| Koha item type | Books |
| Withdrawn status | Lost status | Damaged status | Home library | Current library | Date acquired | Cost, normal purchase price | Accession Number | Koha item type |
|---|---|---|---|---|---|---|---|---|
| Withdrawn | Damaged | KAUAET | KAUAET | 29/06/2020 | 15.00 | 7630 | Books |
